Top 40 most important and famous people from Canada - Statistics

General Stats
  • This quiz has been taken 86 times
  • The average score is 16 of 40
Answer Stats
Hint Answer % Correct
Prime Minister from 2015 Justin Trudeau
91%
Female singer, My Heart Will Go On Céline Dion
89%
Director of Titanic and Avatar James Cameron
80%
Actor and comedian, famous for his roles in The Mask and How the Grinch Stole Christmas Jim Carrey
80%
Ice hockey player, the GOAT of NHL, called the Great One Wayne Gretzky
80%
Singer, Run to You, Summer of '69 Bryan Adams
74%
Actor, famous for his role in the Back to the Future trilogy Michael J. Fox
74%
Actor, famous for his roles in The Notebook and La La Land Ryan Gosling
68%
Athlete and cancer research activist. In 1980, with one leg having been amputated due to cancer, he embarked on an east-to-west cross-Canada run to raise money and awareness for cancer research Terry Fox
68%
Model and actress, famous for her work in Playboy magazine and for her appearances on the television series Baywatch Pamela Anderson
66%
Female singer, Girlfriend, Complicated Avril Lavigne
63%
Singer, Sorry, Baby Justin Bieber
59%
Singer, Circo Loco, Sticky, Hotline Bling Drake
58%
Female singer, Ironic, Hand in My Pocket Alanis Morissette
57%
Female writer, author of The Handmaid's Tale and The Blind Assassin Margaret Atwood
53%
Actor, known for his role of James T. Kirk in the Star Trek franchise William Shatner
53%
Actor and comedian, famous for his roles in Ghostbusters and The Blues Brothers Dan Aykroyd
50%
Father and son, drivers. One of them Formula One champion in 1997 Gilles Villeneuve/Jacques Villeneuve
49%
Director of Dune and Prisoners Denis Villeneuve
46%
Basketball player, two times winner of NBA MVP award Steve Nash
37%
Actor, famous for his role of Anakin Skywalker in Star Wars Hayden Christensen
36%
Ice hockey player, one of the greatest of all time. Legend of Boston Bruins Bobby Orr
32%
The first prime minister of Canada, serving from 1867 to 1873 and from 1878 to 1891. The dominant figure of Canadian Confederation John A. Macdonald
32%
Singer, Holly Jolly Christmas, Sway Michael Bublé
30%
Singer, Old Man, Comes a Time Neil Young
26%
Sprinter, 6 times winner of Olympic medals, in 2016 and 2020 Andre De Grasse
25%
Actor, famous for his roles in Animal House, Invasion of the Body Snatchers and Ordinary People Donald Sutherland
22%
Director of Scanners, Videodrome and The Fly David Cronenberg
20%
One of the most important contemporary architects. His buildings, including his private residence in Santa Monica have become world-renowned attractions Frank Gehry
18%
Academic, known for his television and radio series, documentaries and books about nature and the environment. Narrator of the popular science program The Nature of Things, seen in over 40 countries David Suzuki
16%
Prime Minister from 1963 to 1968, winner the Nobel Peace Prize in 1957 for organizing the United Nations Emergency Force to resolve the Suez Canal Crisis Lester B. Pearson
16%
Leader of New Democratic Party who introduced the continent's first single-payer, universal health care program Tommy Douglas
13%
Scientist, co-discoverer of insulin and its therapeutic potential, winner of Nobel Prize in Medicine in 1923 Frederick Banting
11%
Writer, author of The English Patient Michael Ondaatje
11%
Female short story writer, winner of Nobel Prize in Literature in 2013 Alice Munro
9%
Writer, author of The Adventures of Augie March and Henderson the Rain King, winner of Nobel Prize in Literature in 1976 Saul Bellow
9%
Producer and screenwriter, two times winner of Academy Award for Million Dollar Baby and Crash Paul Haggis
8%
Writer, author of Generation X: Tales for an Accelerated Culture Douglas Coupland
4%
Economist, winner of Nobel Prize in Economic Sciences in 1999, known as the father of the Euro Robert Mundell
3%
Physicist, winner of Nobel Prize in Physics in 2019, considered one of the world's leading theoretical cosmologists in the period since 1970 Jim Peebles
1%
No matching quizzes found
Score Distribution
Percent of People with Each Score
Percentile by Number Answered
Your Score History
You have not taken this quiz